000 00896nam a22002657a 4500
001 BR7305062
003 BR-BrBNA
005 20230928084058.0
007 ta
008 230509b bl.||||| |||| 00| 0 por d
040 _aBR-BrBNA
_bpor
_cBiblioteca Nacional de Agricultura
041 _a(Por)
072 _aL73
_b4150
_b/G514
090 _ 4150 BR7305062
100 1 _aVeiga, L. da S.
110 1 _aUniversidade Federal de Minas Gerais, Belo Horizonte (Brasil). Escola de Veterinaria
_0Tese (Mestre em Medicina Veterinaria)
245 1 _aAtividade encefalitogenica e provas de controle de vacinas anti-rabicas do uso humano produzidas no Brasil
260 3 _aBelo Horizonte, MG (Brasil):
_c1973.
300 _a44 p.
500 _a6 tables; Bibliography p. 40-44 (53 ref.); Summary (Por)
650 _aRaiva
650 _aVacina
909 _a202309
_bLucia
_c55
_dLucia Elande
942 _cBK
999 _c16748
_d16748